Statistics for NATO member countries

Click here to take the quiz!

General Stats

  • This quiz has been taken 30 times
  • The average score is 27 of 30

Answer Stats

Answer% Correct
Estonia
96%
France
96%
Germany
96%
Italy
96%
Latvia
96%
Lithuania
96%
Netherlands
96%
Norway
96%
Poland
96%
Spain
96%
United Kingdom
96%
Belgium
92%
Canada
92%
Denmark
92%
United States
92%
Albania
88%
Bulgaria
88%
Croatia
88%
Greece
88%
Hungary
88%
Iceland
88%
Portugal
88%
Romania
88%
Slovakia
88%
Slovenia
88%
Czech Republic
85%
Luxembourg
85%
Turkey
85%
Montenegro
77%
North Macedonia
73%

Score Distribution

Percentile by Number Answered

Percent of People with Each Score

Your Score History

You have not taken this quiz